00599nam a2200181Ia 4500003000900000008004100009040001600050080003400066110005200100245013000152260002800282300001500310650002300325650001900348650002300367650001200390650001500402IN-BaIIA211028s9999 xx 000 0 eng d cIIA Library a017.091 INS-4  aIndian National Scientific Documentation Centre 0aNational union catalogue of scientific serials in Indiabvol. 4cIndian National Scientific Documentation Centre  aNew DelhibINSDOCc1988 axiviii,507 aIndian Periodicals aNASA Thesaurus aScientific Serials aSerials aUnion List